000 01510cam a2200337 a 4500
999 _c9410
_d9410
001 1673310
003 OSt
005 20170807120816.0
008 981119s1999 nyua c 000 1 eng
010 _a 98052884
020 _a0399231803
040 _aDLC
_cDLC
_dDLC
042 _alcac
050 0 0 _aPZ7.D2394
_bIaam 1999
082 0 0 _a[Fic]
_221
100 1 _aDanziger, Paula,
_d1944-
245 1 0 _aI, Amber Brown /
_cPaula Danziger ; illustrated by Tony Ross.
260 _aNew York :
_bPutnam's Sons,
_c1999.
300 _a140 p. ;
_bill. ;
_c22 cm.
520 _aBecause her divorced parents share joint custody of her, nine-year-old Amber suffers from lack of self-esteem and feels that she is a piece of jointly-owned property.
650 1 _aSelf-esteem
_xFiction.
650 1 _aDivorce
_xFiction.
650 1 _aParent and child
_xFiction.
700 1 _aRoss, Tony,
_eill.
856 4 1 _3Sample text
_uhttp://www.loc.gov/catdir/enhancements/fy1207/98052884-s.html
856 4 2 _3Contributor biographical information
_uhttp://www.loc.gov/catdir/enhancements/fy1207/98052884-b.html
856 4 2 _3Publisher description
_uhttp://www.loc.gov/catdir/enhancements/fy1207/98052884-d.html
906 _a7
_bcbc
_corignew
_d1
_eocip
_f19
_gy-gencatlg
942 _2ddc
_cBK